Anenecuilco: memoria y vida de un pueblo

I tiakina i:
Ngā taipitopito rārangi puna kōrero
Kaituhi matua: Hernández Chávez, Alicia (Author)
Hōputu: Pukapuka
Reo:Pāniora
I whakaputaina: Ciudad de México Fondo de Cultura Economica 1993
Putanga:2a. ed
Rangatū:Fondo de Cultura Economica. Seccion de obras de historia
Ngā marau:
Ngā Tūtohu: Tāpirihia he Tūtohu
Kāore He Tūtohu, Me noho koe te mea tuatahi ki te tūtohu i tēnei pūkete!

MARC

LEADER 00000nam a2200000 a 4500
001 UCY5234
003 CL-VaPUC
008 950420e19930000MX |||||||||||||||||spa|d
082 0 4 |a 972.004  |b HER  |2 21 
100 |a Hernández Chávez, Alicia  |e author  |9 468900 
245 1 0 |a Anenecuilco: memoria y vida de un pueblo 
250 |a 2a. ed 
300 |a 130 p 
942 |c BK 
945 |d 19950420 00:00:00  |a oaravena 
260 |a Ciudad de México  |b Fondo de Cultura Economica  |c 1993 
650 0 |a Política y gobierno  |9 255151 
650 7 |a HISTORIA MEXICANA  |2 CL-VaPUC  |9 333909 
651 0 |a México  |9 255269 
583 |a last modification  |c 20180612 09:49:09  |k Rodrigo Vera 
490 0 |a Fondo de Cultura Economica. Seccion de obras de historia 
999 |c 232934  |d 232932 
952 |0 0  |1 0  |4 0  |6 972_004000000000000_HER_1993  |7 0  |8 A  |9 237944  |a BIBHIS  |b BIBHIS  |d 2019-11-18  |i 3077632  |o 972.004 HER 1993  |p 3077632  |r 2025-01-20  |w 2019-11-18  |y BK  |k HIS